01054 2200289 4500001002100000005001500021035002000036007000300056008004100059100001700100245006300117300003900180020002200219082000800241084001700249250003800266264004200304336002100346337003000367338002300397490002300420520022900443650003100672700002900703990001600732990001600748INLIS00000000004430320221020113125 a0010-1022000015ta221020 0 0 aNurul Hikmah1 aNdherek langkung /cNurul Hikmah; ilustrator, Imam Styawan a23 halaman :bilustrasi ;c21,5 cm a978-623-7615-56-9 a819 aSR 819 NUR n aBabaran kapisan ing Desember 2021 aYogyakarta :bLingkarantarnusa,c2021 2rdacontentaTeks 2rdamediaaTanpa perantara 2rdacarrieraVolume aSeri Dongeng Bocah aLaras lagi pindhah neng desa iki. nalika dolan karo kanca-kancane, Laras durung wani aruh-aruh amarga isin. Nanging saben pethukan wong neng dalan, bocah-bocah mesthi aruh-aruh. ndherek langkung! dhuh! Laras bisa apa ora ya? 4aSastra daerah di Indonesia0 aImam Styawaneilustrator a50964.63784 a50964.63784